Marketing Practices of Local Pharmacies in Binangonan, Rizal (Record no. 83698)
[ view plain ]
| 000 -LEADER | |
|---|---|
| fixed length control field | 01522nam a22001697a 4500 |
| 003 - CONTROL NUMBER IDENTIFIER | |
| control field | URS |
| 005 - DATE AND TIME OF LATEST TRANSACTION | |
| control field | 20250721102822.0 |
| 008 - FIXED-LENGTH DATA ELEMENTS--GENERAL INFORMATION | |
| fixed length control field | 250721b |||||||| |||| 00| 0 eng d |
| 100 ## - MAIN ENTRY--PERSONAL NAME | |
| Personal name | Flores, Lawrence DC. |
| 245 ## - TITLE STATEMENT | |
| Title | <a href="Marketing Practices of Local Pharmacies in Binangonan, Rizal">Marketing Practices of Local Pharmacies in Binangonan, Rizal</a> |
| Remainder of title | Lawrence DC. Flores, Allenarie Joy N. Orozco, Clarence C. Rodriguez |
| 260 ## - PUBLICATION, DISTRIBUTION, ETC. (IMPRINT) | |
| Date of publication, distribution, etc | 2025 |
| 300 ## - PHYSICAL DESCRIPTION | |
| Extent | xiii, 121 |
| 502 ## - DISSERTATION NOTE | |
| Dissertation note | Thesis |
| Degree type | Bachelor of Science in Business Administration Major in Marketing Management |
| Name of granting institution | URS Binangonan |
| Year degree granted | 2025 |
| 520 ## - SUMMARY, ETC. | |
| Summary, etc | This study was conducted by marketing managementstudents at University of Rizal System Binangonan Campus. The primary tool for collecting the data was a checklist questionnaire approach. The respondents were asked to rate theirlevel of frequency with a given statement using the four P's of the marketing mix on a rating scale.<br/>The results were read, studied, and determined by the researchers in terms<br/>of Product / Service, Place, Price and Promotion.<br/>Practices of Local Pharmacies in Binangonan, Rizal, focusing on their<br/>environmental and health impacts. This was conducted in Binangonan, Rizal during the academic year 2024 -2025. This inquiry is motivated by a desire to assess how pharmacies can contribute to environmental conservation while<br/>prioritizing patient health. The researchers hope to use their understanding of how this study might assist businesses by advising them on what has to be maintained and improved. |
| 700 ## - ADDED ENTRY--PERSONAL NAME | |
| Personal name | Alfredo Toledo Jr. |
| Relator term | Adviser |
| 942 ## - ADDED ENTRY ELEMENTS (KOHA) | |
| Source of classification or shelving scheme | Library of Congress Classification |
| Koha item type | Theses and dissertations |
| Withdrawn status | Source of classification or shelving scheme | Damaged status | Not for loan | Home library | Current library | Date acquired | Total Checkouts | Barcode | Date last seen | Price effective from | Koha item type |
|---|---|---|---|---|---|---|---|---|---|---|---|
| Library of Congress Classification | Binangonan College Library | Binangonan College Library | 07/21/2025 | URSBIN-UGT3261 | 07/21/2025 | 07/21/2025 | Theses and dissertations |